00589nam a2200181 a 4500008004100000020001800041050001800059100002400077245010400101250001200205260004200217300004300259350000900302500002600311650002600337650002600363700001800389100804s2009 ||||||||||||||||| || u a9780131357464 aQA 276.12 Agr aFranklin, Christine10aStatistics: the art and science of learning from data. -- 2nd ed.cAlan Agresti, Christine Franklin a2nd ed. aUpper Saddle River, NJbPearsonc2009 axxviii, various pagings: ill. + CD-ROM a0.00 aAccompanied by CD-ROM aSTATISTICS--TEXTBOOKS 3aP0PULATION STATISTICS aAgresti, Alan